| 000 | 00634nam a22001937a 4500 | ||
|---|---|---|---|
| 003 | OSt | ||
| 005 | 20240715140123.0 | ||
| 008 | 240715b |||||||| |||| 00| 0 eng d | ||
| 020 | _a1852786205 | ||
| 040 | _cMUST | ||
| 082 | _a339 GAR 1992 | ||
| 100 |
_aGarretsen, Harry _918729 |
||
| 245 |
_aKeynes, coordination and beyond : _bthe development of macroeconomic and monetary theory since 1945 / _cHarry Garretsen |
||
| 260 |
_aVermont, USA _bEdward Elgar Publishing Company _c1992 |
||
| 300 |
_aix, 228p. : _c27 cm. |
||
| 504 | _aIncludes bibliographical references and index | ||
| 650 |
_aMacroeconomics _97608 |
||
| 942 |
_2ddc _cO_SHELF |
||
| 999 |
_c9185 _d9185 |
||